Sociological Base Of Education (Record no. 569324)

MARC details
000 -LEADER
fixed length control field 00467nam a2200181Ia 4500
008 - FIXED-LENGTH DATA ELEMENTS--GENERAL INFORMATION
fixed length control field 250326s9999 xx 000 0 und d
020 ## - INTERNATIONAL STANDARD BOOK NUMBER
ISBN 9781914187612
Paper back/Hardbound hbk
041 ## - LANGUAGE CODE
Language code of text/sound track or separate title eng
082 ## - DEWEY DECIMAL CLASSIFICATION NUMBER
Classification number 370.115
Item number BIL
100 ## - MAIN ENTRY--AUTHOR NAME
Personal name Billy, Rogger
245 #0 - TITLE STATEMENT
Title Sociological Base Of Education
Statement of responsibility, etc / Rogger Billy
250 ## - EDITION STATEMENT
Edition statement 1st ed.
260 ## - PUBLICATION, DISTRIBUTION, ETC. (IMPRINT)
Name of publisher Random,
Year of publication 2023.
Place of publication UK :
300 ## - PHYSICAL DESCRIPTION
Number of Pages 236 p. ;
Other physical details viii ;
Dimensions 25cm.
650 ## - SUBJECT ADDED ENTRY--TOPICAL TERM
Topical Term Education
942 ## - ADDED ENTRY ELEMENTS (KOHA)
Koha item type English Books
Holdings
Withdrawn status Lost status Damaged status Not for loan Home library Current library Shelving location Date acquired Cost, normal purchase price Full call number Accession Number Price effective from Koha item type
        Anna Centenary Library Anna Centenary Library 4TH FLOOR, A WING 26.03.2025 13431.25 370.115 BIL 701359 26.03.2025 Reference

Find us on the map